| LEADER 00000nam 2200000uu 4500 |
| 001 13399109420 |
| 003 ULIBM |
| 008 111128s2554||||th 000 0 tha d |
| 024 ^a9789744175151
|
| 082 0 ^a923.1593^bส215ก
|
| 100 0 ^aสำนักงานหอจดหมายเหตุแห่งชาติ
|
| 245 00 ^aการจัดงาน 100 ปี แห่งหารสวรรคตของพระบาทสมเด็จพระจุลจอมเกล้าเจ้าอยู่หัว ./^cโดย สำนักงานหอจดหมายเหตุแห่งชาติ
|
| 260 ^aพิมพ์ครั้งที่ 1. ^bกรุงเทพฯ: ^cอมรินทร์พริ้นติ้งแอนด์พับลิชชิ่ง, ^d2554.
|
| 300 ^a320 หน้า: ^bภาพประกอบ; ^c30ซม.
|
| 650 0 ^aจุลจอมเกล้าเจ้าอยู่หัว,พระบาทสมเด็จพระ,2396-2453
|
| 945 ^p0^l0^i38030
|
| 999 ^aกันยา
|
หนังสือดีน่าอ่าน

“ดั่งดวงแก้ว ส่องสว่าง ทางสายงาม”
จัดทำขึ้นเพื่อเฉลิมพระเกียรติ สมเด็จพระเทพรัตนราชสุดา ฯ สยามบรมราชกุมารี
เนื่องในโอกาสมหามงคลเฉลิมพระชนมพรรษา ๕ รอบ ๒ เมษายน ๒๕๕๘
โดยหนังสือเล่มนี้ได้รวบรวม ๖๐ พระอัจฉริยภาพของสมเด็จพระเทพ ฯ
ผู้อ่านจะได้รับแรงบันดาลใจให้พากเพียรเรียนรู้และขยันอดทนทำการงาน
ตามรอยเบื้องพระยุคลบาท เพราะพระองค์ทรงเป็นแบบอย่างอันดีเยี่ยมในทุกด้าน
ทั้งในความใฝ่รู้ใฝ่เรียน คุณธรรมจริยธรรม พระวิริยอุตสาหะในการทรงงาน
และอื่นๆอีกมากมาย ล้วนสามารถสร้างแรงบันดาลใจให้แก่เด็กและเยาวชน
อีกทั้งประชาชนทั่วไป ให้พากเพียรเรียนรู้และขยันอดทนทำการงานตามรอยพระยุคลบาท
เพื่อฝึกฝนตนเองให้เป็นคนดีคนเก่งของครอบครัวและสังคมต่อไป